• 首页
  • 本馆介绍
  • 公告通知
  • 最新文献
  • 馆藏检索
  • 电子资源
  • 读者导购
  • 参考咨询
  • 我的图书馆
  • 登录
  • 详细信息显示
  • 放入我的书架
  • 预约/预借图书
  • 作者相关作品
  • 分类相关作品
  • 丛书相关作品
  • 出版社相关作品

书目信息

  • 表格格式
  • 工作单格式
  • 卡片格式
题名:
影视会计实务
    
 
作者: 孙淑珍 编著
分册:  
出版信息: 大连   东北财经大学出版社  2020.12
页数: 289页
开本: 24cm
丛书名:
单 册:
中图分类: J941.2
科图分类:
主题词: 电影工作--dian ying gong zuo--企业组织--会计实务--高等教育--教材 , 电视工作--dian shi gong zuo--企业组织--会计实务--高等教育--教材
电子资源:
ISBN: 978-7-5654-3975-9
000 01055nam0 2200265 450
001 2131738617
005 20210930094334.0
010    @a978-7-5654-3975-9@dCNY58.00
100    @a20210411d2020 em y0chiy0120 ea
101 0  @achi
102    @aCN@b210000
105    @ay z 000yy
106    @ar
200 1  @a影视会计实务@Aying shi hui ji shi wu@dAccounting practices in film and television industry@f孙淑珍编著@zeng
210    @a大连@c东北财经大学出版社@d2020.12
215    @a289页@d24cm
300    @a普通高等教育会计系列规划教材
330    @a本书共分十章,内容包括:账户与复式记账、影视制片企业会计核算、电影放映企业及电视台会计核算、影视制片成本预算管理、会计凭证、会计报表等。
510 1  @aAccounting practices in film and television industry@zeng
606 0  @a电影工作@Adian ying gong zuo@x企业组织@x会计实务@x高等教育@j教材
606 0  @a电视工作@Adian shi gong zuo@x企业组织@x会计实务@x高等教育@j教材
690    @aJ941.2@v5
701  0 @a孙淑珍@Asun shu zhen@4编著
801  0 @aCN@b百万庄@c20210929
905    @b1303478-481@dJ941.2@e384@f4
    
    影视会计实务=Accounting practices in film and television industry/孙淑珍编著.-大连:东北财经大学出版社,2020.12
    289页;24cm
    普通高等教育会计系列规划教材
    
    ISBN 978-7-5654-3975-9:CNY58.00
    本书共分十章,内容包括:账户与复式记账、影视制片企业会计核算、电影放映企业及电视台会计核算、影视制片成本预算管理、会计凭证、会计报表等。
●
相关链接 在E读中查询图书 在五车中查询图书 在当当中查询图书 在豆瓣中查询图书


正题名:影视会计实务     索取号:J941.2/384         预约/预借

序号 登录号 条形码 馆藏地/架位号 状态 备注
1 1303478   213034786   第一样本阅览室/ [索取号:J941.2/384] 在馆    
2 1303479   213034795   第一借阅区/ [索取号:J941.2/384] 在馆    
3 1303480   213034802   第一借阅区/ [索取号:J941.2/384] 在馆    
4 1303481   213034811   第一借阅区/ [索取号:J941.2/384] 在馆    
唐山师范学院图书馆 欢迎您!
大连网信软件有限公司© 版权所有